Sugerencias metodológicas para la formación de monitores y monitoras de los talleres de aprendizaje: manual de apoyo para capacitadores n§ 1

Saved in:
书目详细资料
Main Authors: Arredondo J., Miguel A (Author), Hahn C., Soledad (Author), Murúa A., Vivian (Author), Vaccaro C., Liliana (Author)
格式: 图书
语言:西班牙语
出版: Santiago Ministerio de Educación 1999
丛编:Talleres de Aprendizaje
主题:
标签: 添加标签
没有标签, 成为第一个标记此记录!

MARC

LEADER 00000nam a2200000 a 4500
001 UCP5458
003 CL-VaPUC
008 990910e19990000CL |||||||||||||||||spa|d
082 0 4 |a 370.71  |b ARR  |2 21 
100 0 |a Arredondo J., Miguel A  |e author  |9 433867 
700 0 |a Hahn C., Soledad  |e author  |9 433868 
700 0 |a Murúa A., Vivian  |e author  |9 433869 
700 0 |a Vaccaro C., Liliana  |e author  |9 433870 
245 1 0 |a Sugerencias metodológicas para la formación de monitores y monitoras de los talleres de aprendizaje: manual de apoyo para capacitadores n§ 1 
300 |a 214 p 
942 |c BK 
945 |d 19990910 00:00:00  |a rbrito 
260 |a Santiago  |b Ministerio de Educación  |c 1999 
650 0 |a Formación profesional de profesores  |9 307493 
650 0 |a Reforma educacional   |9 256319 
583 |a last modification  |c 19990910 00:00:00  |k Rodrigo Vera 
490 0 |a Talleres de Aprendizaje 
999 |c 283204  |d 283202 
952 |0 0  |1 0  |4 0  |6 370_710000000000000_ARR_1999  |7 0  |8 A  |9 326095  |a BIBEDU  |b BIBEDU  |d 2019-11-20  |i 3561682  |o 370.71 ARR 1999  |p 3561682  |r 2019-11-20  |w 2019-11-20  |y BK  |k EDU 
952 |0 0  |1 0  |4 0  |6 370_710000000000000_ARR_1999  |7 0  |8 A  |9 326096  |a BIBEDU  |b BIBEDU  |d 2019-11-20  |i 3778827  |o 370.71 ARR 1999  |p 3778827  |r 2019-11-20  |w 2019-11-20  |y BK  |k EPE 
952 |0 0  |1 0  |4 0  |6 370_710000000000000_ARR_1999  |7 0  |8 A  |9 326097  |a BIBEDU  |b BIBEDU  |d 2019-11-20  |i 3778835  |o 370.71 ARR 1999  |p 3778835  |r 2019-11-20  |w 2019-11-20  |y BK  |k EPE